Pouvoir de la brousse : ni démocratie ni développement en Afrique noire sans les paysans organisés / (Record no. 2609)

MARC details
000 -LEADER
fixed length control field 02141cam a2200457Mi 4500
001 - CONTROL NUMBER
control field ocn412404110
003 - CONTROL NUMBER IDENTIFIER
control field TZ-ArACH
005 - DATE AND TIME OF LATEST TRANSACTION
control field 20130903130424.0
008 - FIXED-LENGTH DATA ELEMENTS--GENERAL INFORMATION
fixed length control field 930528s1993 fr a g b u000 0 fre d
015 ## - NATIONAL BIBLIOGRAPHY NUMBER
National bibliography number 09324264
Source bnf
016 7# - NATIONAL BIBLIOGRAPHIC AGENCY CONTROL NUMBER
Record control number FRBNF366640280000001
Source FrPBN
017 ## - COPYRIGHT OR LEGAL DEPOSIT NUMBER
Copyright or legal deposit number DL 93-09775
Assigning agency BNF
020 ## - INTERNATIONAL STANDARD BOOK NUMBER
International Standard Book Number 2738417388 (br)
020 ## - INTERNATIONAL STANDARD BOOK NUMBER
International Standard Book Number 9782738417381 (br)
035 ## - SYSTEM CONTROL NUMBER
System control number (OCoLC)412404110
040 ## - CATALOGING SOURCE
Original cataloging agency FRBML
Language of cataloging fre
Transcribing agency TZ-ArACH
Modifying agency BDF
-- OCLCQ
-- CHRRO
-- UQ1
041 ## - LANGUAGE CODE
Language code of text/sound track or separate title Fre
049 ## - LOCAL HOLDINGS (OCLC)
Holding library TZAA
050 14 - LIBRARY OF CONGRESS CALL NUMBER
Classification number HD1538
Item number .K64
082 14 - DEWEY DECIMAL CLASSIFICATION NUMBER
Classification number 338.9
100 1# - MAIN ENTRY--PERSONAL NAME
Personal name Koffi, Ehui Bruno.
9 (RLIN) 13424
245 13 - TITLE STATEMENT
Title Pouvoir de la brousse : ni démocratie ni développement en Afrique noire sans les paysans organisés /
Remainder of title ni démocratie ni développement en Afrique noire sans les paysans organisés /
Statement of responsibility, etc Ehui Bruno Koffi.
260 ## - PUBLICATION, DISTRIBUTION, ETC. (IMPRINT)
Place of publication, distribution, etc Paris :
Name of publisher, distributor, etc L'Harmattan,
Date of publication, distribution, etc 1993
Place of manufacture (05-Gap :
Manufacturer Impr. L. Jean)
300 ## - PHYSICAL DESCRIPTION
Extent 314 p. :
Other physical details ill., couv. ill. ;
Dimensions 24 cm.
504 ## - BIBLIOGRAPHY, ETC. NOTE
Bibliography, etc Bibliogr. p. 305-309.
650 #4 - SUBJECT ADDED ENTRY--TOPICAL TERM
Topical term or geographic name as entry element Organisations non gouvernementales
Geographic subdivision Afrique noire.
9 (RLIN) 13425
650 #4 - SUBJECT ADDED ENTRY--TOPICAL TERM
Topical term or geographic name as entry element Agriculture
General subdivision Associations
Geographic subdivision Afrique noire.
9 (RLIN) 13426
650 #4 - SUBJECT ADDED ENTRY--TOPICAL TERM
Topical term or geographic name as entry element Développement rural
Geographic subdivision Afrique noire.
9 (RLIN) 13427
650 #4 - SUBJECT ADDED ENTRY--TOPICAL TERM
Topical term or geographic name as entry element Politique agricole
General subdivision Participation des citoyens
Geographic subdivision Afrique noire.
9 (RLIN) 13428
650 #4 - SUBJECT ADDED ENTRY--TOPICAL TERM
Topical term or geographic name as entry element Paysannerie
Geographic subdivision Afrique noire
General subdivision Activité politique.
9 (RLIN) 13429
650 #7 - SUBJECT ADDED ENTRY--TOPICAL TERM
Topical term or geographic name as entry element Organisations non gouvernementales
Geographic subdivision Afrique noire.
Source of heading or term ram
9 (RLIN) 13430
650 #7 - SUBJECT ADDED ENTRY--TOPICAL TERM
Topical term or geographic name as entry element Agriculture
General subdivision Associations
Geographic subdivision Afrique noire.
Source of heading or term ram
9 (RLIN) 13431
650 #7 - SUBJECT ADDED ENTRY--TOPICAL TERM
Topical term or geographic name as entry element Développement rural
Geographic subdivision Afrique noire.
Source of heading or term ram
9 (RLIN) 13432
650 #7 - SUBJECT ADDED ENTRY--TOPICAL TERM
Topical term or geographic name as entry element Politique agricole
General subdivision Participation des citoyens
Geographic subdivision Afrique noire.
Source of heading or term ram
9 (RLIN) 13433
650 #7 - SUBJECT ADDED ENTRY--TOPICAL TERM
Topical term or geographic name as entry element Paysannerie
General subdivision Activité politique
Geographic subdivision Afrique noire.
Source of heading or term ram
9 (RLIN) 13434
650 #7 - SUBJECT ADDED ENTRY--TOPICAL TERM
Topical term or geographic name as entry element Développement économique
General subdivision Paysan
-- Structure économique
Geographic subdivision Afrique noire.
Source of heading or term rero
9 (RLIN) 13435
856 42 - ELECTRONIC LOCATION AND ACCESS
Materials specified Notice et cote du catalogue de la Bibliothèque nationale de France
Uniform Resource Identifier <a href="http://catalogue.bnf.fr/ark:/12148/cb36664028t">http://catalogue.bnf.fr/ark:/12148/cb36664028t</a>
886 1# - FOREIGN MARC INFORMATION FIELD
a 002
b $afrBN015205388
2 unimarc
942 ## - ADDED ENTRY ELEMENTS (KOHA)
Source of classification or shelving scheme Library of Congress Classification
Koha item type Books
Holdings
Home library Current library Shelving location Date acquired Full call number Barcode Koha item type
African Court on Human and Peoples' Rights Library African Court on Human and Peoples' Rights Library   03/09/2013 HD1538 .K64 10237380 Books

African Court on Human and Peoples' Rights | For Inquiries Contact » +255 272 510 510